Quelli che ami non muoiono /
Uloženo v:
| Hlavní autor: | |
|---|---|
| Médium: | Kniha |
| Jazyk: | italština |
| Vydáno: |
Milano :
Bompiani,
2010
|
| Edice: | Tascabili Bompiani ;
1128 |
| Témata: | |
| Tagy: |
Žádné tagy, Buďte první, kdo vytvoří štítek k tomuto záznamu!
|
MARC
| LEADER | 00000nam a22000007i 4500 | ||
|---|---|---|---|
| 001 | IT\ICCU\UFE\0958056 | ||
| 003 | ItRI | ||
| 005 | 20260115232105.0 | ||
| 008 | 101202s2010 it |||||| ||||| |||||c | ||
| 020 | |a 9788845265983 | ||
| 040 | |b ita |c importazione bologna sebina | ||
| 041 | 7 | |a ita |2 ISO-639-2 | |
| 082 | |a 809 |9 Storia, descrizione e studio critico di più d'una letteratura |2 22 | ||
| 100 | 1 | |a Fortunato, Mario, |d (1958- ) |0 IT\ICCU\CFIV\082841 | |
| 240 | 1 | 0 | |a Quelli che ami non muoiono |3 IT\ICCU\LI3\0025652 |9 Fortunato, Mario <1958- > |
| 245 | 1 | 0 | |a Quelli che ami non muoiono / |c Mario Fortunato. |
| 260 | |a Milano : |b Bompiani, |c 2010 | ||
| 300 | |a 409 p. ; |c 19 cm. | ||
| 650 | 7 | |a Scrittori |x Diari e memorie |2 scbi | |
| 830 | 0 | |a Tascabili Bompiani ; |v 1128 |0 IT\ICCU\CFI\0000031 | |
| 942 | |2 ddc |c BK |n 0 | ||
| 952 | |0 0 |1 0 |4 0 |6 DOC_858_914000000000000_FOR |7 0 |9 19869 |a BO |b BO |d 2026-01-15 |i 17550 |l 0 |o DOC 858.914 FOR |p BO17550 |r 2026-01-15 23:21:05 |w 2026-01-15 |x [Sebina 5] [1 v.] |y BK |z 1 v. | ||
| 999 | |c 16937 |d 16937 | ||